Direct taxes ready reckoner 2015-2016 / (Record no. 93737)

MARC details
000 -LEADER
fixed length control field 00584nam a22001937a 4500
005 - DATE AND TIME OF LATEST TRANSACTION
control field 20150624124724.0
010 ## - LCCN (DPL NO)
LC control number ENG-113078
020 ## - INTERNATIONAL STANDARD BOOK NUMBER
International Standard Book Number 9789351434214
Terms of availability 695.00
035 ## - SYSTEM CONTROL NUMBER
System control number EN-96610
037 ## - SOURCE OF ACQUISITION
Source of stock number/acquisition DBAD/PUB
082 ## - DEWEY DECIMAL CLASSIFICATION NUMBER
Classification number 336.294
100 ## - MAIN ENTRY--PERSONAL NAME
Personal name Vasan, M.S.
245 ## - TITLE STATEMENT
Title Direct taxes ready reckoner 2015-2016 /
Statement of responsibility, etc by M.S. Vasan
250 ## - EDITION STATEMENT
Edition statement 27th ed
260 ## - PUBLICATION, DISTRIBUTION, ETC. (IMPRINT)
Name of publisher, distributor, etc LexisNexis
Date of publication, distribution, etc 2015
Place of publication, distribution, etc Gurgon
270 ## - ADDRESS
City Gurgaon
Postal code 122002
Address 14th Floor Building No.10, Tower-B, DLF Cyber City, Phase-II,
300 ## - PHYSICAL DESCRIPTION
Extent xlvi,654p.
Dimensions 24cm(pbk)
942 ## - ADDED ENTRY ELEMENTS (KOHA)
Source of classification or shelving scheme Dewey Decimal Classification
Item type English Books
Call number suffix VAS
Classification part 336.294
Holdings
Withdrawn status Lost status Not for loan Collection code Home library Current library Date acquired Source of acquisition Cost, normal purchase price Full call number Barcode Copy number Cost, replacement price Koha item type
    Not For Loan Non-fiction D.B.Act.Division D.B.Act.Division 19/05/2015 DBAD/PUB 695.00 336.294 VAS EN-96610 1 695.00 English Books

© Delhi Public Library
Hit Counter
free hit counter